书目信息 |
| 题名: |
刑法学
|
|
| 作者: | 苏惠渔 , 高铭暄 主编 | |
| 分册: | ||
| 出版信息: | 北京 北京大学出版社 2000 |
|
| 页数: | 642页 | |
| 开本: | 20cm | |
| 丛书名: | ||
| 单 册: | ||
| 中图分类: | D924.01 | |
| 科图分类: | 35.16 | |
| 主题词: | 法律--中国 , 刑法--法学--高等学校--教材 | |
| 电子资源: | ||
| ISBN: | 7-301-03861-5 | |
| 000 | 00759nam0 2200265 45 | |
| 001 | 0198018395 | |
| 005 | 20070714075417.65 | |
| 010 | @a7-301-03861-5@dCNY28.00 | |
| 100 | @a19980318d2000 em y0chiy0121 ea | |
| 101 | 0 | @achi |
| 102 | @aCN@b110000 | |
| 105 | @ay z 000yy | |
| 200 | 10 | @a刑法学@Axing fa xue@f高铭暄主编@FGao Ming Xuan Zhu Bian |
| 205 | @a2版 | |
| 210 | @a北京@c北京大学出版社@d2000@h2003 | |
| 215 | @a642页@d20cm | |
| 300 | @a全国高教育自学考试指定教材 法律专业(本科) | |
| 606 | 0 | @a法律@x中国 |
| 606 | @a刑法@x法学@x高等学校@x教材 | |
| 690 | @aD924.01@v3 | |
| 692 | @a35.16@v2 | |
| 701 | 0 | @a苏惠渔@Asu hui yu@4主编 |
| 701 | 0 | @a高铭暄@4主编 |
| 801 | @aCN@bTSTC@c20070714 | |
| 905 | @dD924.01@e125=2@f1@b246672@b246674-675@f2 | |
| 刑法学/高铭暄主编.-2版.-北京:北京大学出版社,2000(2003) |
| 642页;20cm |
| 全国高教育自学考试指定教材 法律专业(本科) |
| ISBN 7-301-03861-5:CNY28.00 |
| ● |
| 相关链接 |
|
|
|
|
正题名:刑法学
索取号:D924.01/125=2
 
预约/预借
| 序号 | 登录号 | 条形码 | 馆藏地/架位号 | 状态 | 备注 |
| 1 | 0778914 | 207789142 | 密集书库/ [索取号:D924.01/125=2] | 在馆 |